| Tag |
First Indicator |
Second Indicator |
Subfields |
| LEADER |
00000cam a22000001 4500 |
| 001 |
in00000210413 |
| 005 |
20151009054814.0 |
| 008 |
710125s1968 ne b 00000 eng |
| 010 |
|
|
|a 68015539
|
| 015 |
|
|
|a Ne68-8
|
| 035 |
|
|
|a (OCoLC)00438992
|
| 035 |
|
|
|9 AAW9021AM
|
| 037 |
|
|
|c fl 21.00
|
| 040 |
|
|
|a DLC
|c DLC
|d TXA
|d UtOrBLW
|
| 041 |
0 |
|
|a eng
|a roa
|
| 049 |
|
|
|a TXAM
|c [637868]
|
| 050 |
0 |
0 |
|a PC76
|b .R6
|
| 082 |
0 |
|
|a 479.1
|
| 100 |
1 |
|
|a Romeo, Luigi.
|
| 245 |
1 |
4 |
|a The economy of diphthongization in early Romance.
|
| 264 |
|
1 |
|a The Hague,
|a Paris :
|b Mouton,
|c 1968.
|
| 300 |
|
|
|a 128 pages ;
|c 26 cm.
|
| 336 |
|
|
|a text
|b txt
|2 rdacontent
|
| 337 |
|
|
|a unmediated
|b n
|2 rdamedia
|
| 338 |
|
|
|a volume
|b nc
|2 rdacarrier
|
| 490 |
1 |
|
|a Janua linguarum : Series practica ;
|v 55
|
| 500 |
|
|
|a Based on author's thesis, University of Washington, 1960.
|
| 504 |
|
|
|a Bibliography: pages [113]-120.
|
| 650 |
|
0 |
|a Romance languages
|x Phonology.
|
| 830 |
|
0 |
|a Janua linguarum : Series practica ;
|v 55.
|
| 999 |
|
|
|a MARS
|
| 999 |
f |
f |
|s 08e762c8-bb95-3085-973e-73ab394ab76a
|i 6aea0393-bb16-3318-8b1a-3ec6a75c0809
|t 0
|
| 952 |
f |
f |
|p ric
|a Texas A&M University
|b Rellis Campus
|c Joint Library Facility
|d Remote Storage
|t 0
|e PC76 .R6
|h Library of Congress classification
|i unmediated -- volume
|m A14803563402
|
| 998 |
f |
f |
|a PC76 .R6
|t 0
|l Remote Storage
|